Galatasaray players since 2000 - Statistics

General Stats
  • This quiz has been taken 78 times
  • The average score is 111 of 320
Answer Stats
Ranking Player Positions Nationality Matches Goals Assists Periods % Correct
1 Fernando Muslera GK 437 2 2 2011-2025
98%
28 Burak Yılmaz ST 105 65 20 2012-2016
95%
57 Mauro Icardi ST 65 51 17 2022-2025
90%
127 Victor Osimhen ST 30 26 5 2024-2025
90%
23 Barış Alper Yılmaz LW 111 22 12 2021-2025
88%
17 Wesley Sneijder AM 124 35 32 2012-2017
88%
76 Davinson Sánchez CB 54 5 1 2023-2025
85%
9 Arda Turan LW 166 33 46 2004-2005, 2006-2010, 2020-2022
80%
39 Aydın Yılmaz RW 93 4 13 2005-2006, 2008-2015
80%
12 Hakan Şükür ST 147 55 26 2003-2008
80%
37 Lucas Torreira DM 98 6 9 2022-2025
80%
109 Didier Drogba ST 37 15 10 2012-2014
78%
46 Orhan Ak CB 81 5 7 2003-2007
76%
21 Victor Nelsson CB 112 3 1 2021-2025
76%
33 Dries Mertens CF 100 20 33 2022-2025
71%
13 Kerem Aktürkoğlu LW 138 39 33 2020-2025
68%
48 Ryan Babel LW 77 15 7 2019-2022
68%
3 Selçuk İnan CM 240 43 43 2011-2020
68%
15 Sofiane Feghouli AM 126 25 27 2017-2022
68%
34 Younès Belhanda AM 99 18 22 2017-2021
68%
86 Yuto Nagatomo LB 47 2 5 2017-2020
68%
41 Abdülkerim Bardakcı CB 89 10 5 2022-2025
66%
226 Emre Mor RW 10 0 0 2019-2020
66%
6 Faryd Mondragón GK 185 0 1 2001-2007
66%
26 Felipe Melo DM 108 13 11 2011-2016
66%
42 Milan Baros ST 88 48 15 2008-2012
66%
53 Bafétimbi Gomis ST 71 46 5 2017-2018, 2021-2023
63%
68 Lukas Podolski ST 56 20 14 2015-2017
63%
11 Semih Kaya CB 148 5 4 2008-2009, 2011-2016, 2018-2019, 2021-2022
63%
18 Bülent Korkmaz CB 119 4 2 2000-2005
61%
59 Harry Kewell LW 63 22 11 2008-2011
61%
118 Mario Lemina DM 32 1 2 2019-2020, 2024-2025
61%
89 Okan Buruk RM 45 4 6 2000-2001, 2006-2008
61%
134 Roland Sallai RB, RW 27 2 1 2024-2025
61%
2 Sabri Sarıoğlu RB 354 14 37 2002-2017
61%
237 Ali Turan CB 9 0 0 2010-2011
59%
123 Gabriel Sara CM 31 2 9 2024-2025
59%
54 Kaan Ayhan CB 70 2 7 2022-2025
59%
27 Marcão CB 106 0 0 2018-2022
59%
51 Yunus Akgün RW 72 9 16 2018-2019, 2022-2025
59%
207 Yusuf Demir RW 13 0 0 2022-2023, 2024-2025
59%
4 Hakan Balta LB 238 10 8 2007-2017
56%
7 Hasan Şaş RW 185 21 53 2000-2009
56%
71 Henry Onyekuru LW 55 20 11 2018-2021
56%
43 Mariano RB 84 2 16 2017-2020
56%
112 Radamel Falcao ST 34 19 3 2019-2022
56%
60 Sacha Boey RB 63 2 4 2021-2024
56%
78 Suat Kaya DM 54 3 2 2000-2003
56%
20 Umut Bulut ST 114 32 13 2012-2016
56%
52 Emmanuel Eboué RB 71 3 9 2011-2014
54%
136 Emre Belözoğlu CM 27 4 5 2000-2001
54%
84 Fernando DM 47 4 4 2017-2019
54%
149 Gheorghe Hagi AM 25 11 16 2000-2001
54%
155 Hakim Ziyech RW 23 6 4 2023-2025
54%
183 Ismail Jakobs LB 17 0 2 2024-2025
54%
87 Johan Elmander ST 46 16 8 2011-2013
54%
107 Mehmet Güven CM 38 1 1 2005-2009
54%
25 Rigobert Song CB 108 4 1 2004-2008
54%
91 Sérgio Oliveira CM 44 5 4 2022-2024
54%
268 Yalçın Ayhan CB 4 0 0 2005-2006
54%
135 Abdul Kader Keita RW 27 5 12 2009-2010
51%
45 Aurélien Chedjou CB 81 8 4 2013-2017
51%
137 Claudio Taffarel GK 27 0 0 2000-2001
51%
61 Eren Derdiyok ST 63 20 3 2016-2019
51%
72 Gökhan Zan CB 55 3 0 2009-2014
51%
74 Kerem Demirbay CM 54 6 5 2023-2025
51%
32 Martin Linnes RB 101 2 12 2015-2021
51%
88 Patrick van Aanholt LB 45 2 4 2021-2023
51%
22 Ryan Donk CB 111 7 9 2015-2016, 2017-2021
51%
5 Ayhan Akman CM 238 9 23 2001-2012
49%
252 Aytaç Kara CM 6 0 0 2021-2022
49%
29 Berkan Kutlu CM 104 2 5 2021-2025
49%
67 Bruma LW 57 12 12 2013-2014, 2016-2017
49%
79 Christian Luyindama CB 53 1 2 2018-2022
49%
62 Garry Rodrigues LW 61 13 14 2016-2019
49%
153 Jardel ST 24 22 3 2000-2001
49%
205 ST 13 3 2 2009-2010
49%
142 Milot Rashica RW 26 4 7 2022-2023
49%
304 Umut Gündoğan CM 1 0 0 2013-2014
49%
126 Wilfried Zaha LW 30 9 3 2023-2024
49%
70 Albert Riera LM 56 3 8 2011-2014
46%
116 Alexandru Cicâldău AM 33 4 3 2021-2023
46%
30 Arif Erdem ST 103 40 25 2000-2005
46%
256 Efe Akman DM 5 0 0 2023-2025
46%
314 Hamza Akman CM 1 0 0 2022-2023
46%
223 Haris Seferovic ST 10 0 0 2022-2023
46%
192 Kerem İnan GK 15 0 0 2000-2003
46%
173 Michy Batshuayi ST 18 5 2 2024-2025
46%
94 Mostafa Mohamed ST 43 15 3 2020-2022
46%
8 Ümit Karan ST 169 72 28 2001-2009
46%
211 Álvaro Morata ST 12 6 3 2024-2025
44%
269 Berk Ünsal ST 3 0 0 2013-2014
44%
165 Elias Jelert RB 21 0 0 2024-2025
44%
10 Ergün Penbe LB 164 5 30 2000-2007
44%
146 Gheorghe Popescu CB 25 0 0 2000-2002
44%
49 Hakan Ünsal LB 76 2 10 2000-2005
44%
77 Halil Dervişoğlu ST 54 7 4 2020-2021, 2023-2024
44%
93 Mbaye Diagne ST 44 21 3 2018-2022
44%
143 Olimpiu Moruțan AM 26 3 3 2021-2022
44%
262 Serge Aurier RB 4 0 0 2023-2024
44%
47 Taylan Antalyalı CM 80 2 6 2019-2023
44%
80 Ümit Davala RM 52 8 10 2000-2003
44%
225 Cédric Bakambu ST 10 1 1 2023-2024
41%
133 DeAndre Yedlin RB 27 1 1 2020-2022
41%
100 Marcelo Saracchi LB 41 2 6 2019-2021
41%
44 Mehmet Topal DM 82 2 3 2006-2010
41%
24 Necati Ateş ST 109 54 20 2003-2006, 2011-2012
41%
19 Servet Çetin CB 117 10 4 2007-2012
41%
64 Shabani Nonda ST 61 22 6 2007-2010
41%
111 Tomas Ujfalusi CB 35 1 1 2011-2013
41%
202 Veysel Sarı CB 14 0 2 2013-2015
41%
285 Alparslan Erdem LB 2 0 1 2008-2009
39%
14 Emre Çolak AM 128 10 14 2009-2016
39%
209 Eren Elmalı LB 13 0 1 2024-2025
39%
261 Goran Pandev CF 4 0 0 2014-2015
39%
63 Hamit Altıntop RM 61 1 7 2012-2014, 2016-2017
39%
105 Jason Denayer CB 39 0 3 2015-2016, 2017-2018
39%
184 Juan Mata AM 16 3 1 2022-2023
39%
172 Kazımcan Karataş LB 19 0 0 2022-2024
39%
90 Maicon CB 45 6 1 2017-2019
39%
296 Mülayim Erdem AM 1 0 0 2003-2004
39%
38 Ömer Bayram LB 94 2 16 2018-2022
39%
212 Przemyslaw Frankowski RB 12 0 1 2024-2025
39%
179 Sergen Yalçın AM 18 7 8 2001-2002
39%
35 Yasin Öztekin ST 99 23 12 2014-2018
39%
102 Badou Ndiaye DM 40 4 7 2017-2019
37%
194 Franck Ribéry LW 14 0 4 2004-2005
37%
162 Fredrik Midtsjø CM 21 1 2 2022-2023
37%
182 Gedson Fernandes CM 17 0 3 2020-2021
37%
198 Giovani dos Santos CF 14 0 3 2009-2010
37%
257 Günay Güvenç GK 5 0 0 2023-2025
37%
193 José Rodríguez CM 14 0 1 2015-2016
37%
106 Lucas Neill CB 39 1 1 2009-2011
37%
228 Nicolò Zaniolo AM 10 5 0 2022-2023
37%
176 Nigel de Jong DM 18 1 0 2016-2017
37%
96 Serdar Aziz CB 42 3 2 2016-2019
37%
50 Sinan Gümüş RW 75 19 6 2014-2019
37%
104 Alex Telles LB 39 2 3 2013-2016
34%
103 Aykut Erçetin GK 39 0 0 2003-2004, 2006-2012
34%
230 Carlos Vinícius ST 10 1 1 2023-2024
34%
125 Dany Nounkeu CB 30 0 0 2012-2014
34%
197 Derrick Köhn LB 14 1 2 2023-2025
34%
55 Emre Akbaba AM 66 11 6 2018-2023
34%
31 Emre Aşık CB 102 2 2 2000-2002, 2005-2006, 2008-2010
34%
215 Eyüp Aydın CM 12 0 1 2023-2025
34%
253 Iñaki Peña GK 6 0 0 2021-2022
34%
240 İsmail Çipe GK 9 0 0 2018-2019, 2021-2022
34%
152 Léo Dubois RB 24 1 1 2022-2025
34%
145 Leo Franco GK 26 0 0 2009-2010
34%
151 Lorik Cana DM 24 1 0 2010-2011
34%
247 Mohamed Sarr CB 7 1 1 2002-2003
34%
113 Nordin Amrabat RW 34 1 7 2012-2014
34%
180 Omar Elabdellaoui RB 17 0 1 2020-2022
34%
66 Sasa Ilic CM 59 22 7 2005-2007
34%
243 Angeliño LB 8 0 1 2023-2024
32%
40 Barış Özbek CM 91 7 12 2007-2011
32%
200 Bogdan Stancu ST 14 2 2 2010-2011
32%
115 Elano AM 33 3 1 2009-2011
32%
210 Emin Bayram CB 13 0 0 2019-2020, 2022-2023
32%
58 Emre Kılınç LW 64 7 6 2020-2023
32%
101 Engin Baytar AM 41 3 7 2011-2014
32%
248 Konstantinos Mitroglou ST 7 1 1 2018-2019
32%
129 Koray Günter CB 28 0 0 2013-2015, 2017-2018
32%
95 Lincoln AM 42 13 18 2007-2009
32%
124 Morgan De Sanctis GK 31 0 0 2008-2009
32%
81 Mustafa Sarp DM 51 4 2 2009-2011
32%
158 Serkan Kurtuluş RB 22 0 1 2008-2009, 2010-2011
32%
36 Stjepan Tomas CB 98 0 2 2004-2007
32%
170 Tanguy Ndombélé CM 19 0 1 2023-2024
32%
117 Tetê RW 33 0 4 2023-2024
32%
311 Ümit Aydın DM 1 0 0 2000-2001
32%
56 Yekta Kurtuluş CM 66 2 2 2010-2015
32%
144 Adem Büyük ST 26 7 1 2019-2020
29%
168 Caner Erkin LB 20 0 2 2009-2010
29%
259 Carlos Cuesta CB 5 0 0 2024-2025
29%
214 Jesse Sekidika LW 12 1 0 2019-2021
29%
147 Junichi Inamoto DM 25 0 1 2006-2007
29%
92 Lionel Carole LB 44 0 4 2015-2017
29%
246 Luis Pedro Cavanda RB 7 0 0 2016-2017
29%
196 Ozan Kabak CB 14 0 0 2017-2019
29%
154 Peter Etebo DM 24 0 0 2020-2021
29%
169 Tarık Çamdal RB 20 0 0 2014-2016
29%
217 Alpaslan Öztürk CB 11 0 0 2021-2022
27%
293 Arda Ünyay CB 1 0 0 2024-2025
27%
98 Capone RB 42 1 1 2000-2002
27%
16 Cihan Haspolatlı DM 126 10 10 2002-2007
27%
132 Emre Taşdemir LB 27 1 3 2018-2020, 2022-2023
27%
238 Fatih Öztürk GK 9 0 0 2020-2022
27%
75 Hasan Kabze ST 54 17 3 2004-2007
27%
245 Izet Hajrovic RW 8 0 1 2013-2014
27%
131 Jean Michaël Seri DM 27 2 3 2019-2020
27%
148 Josué AM 25 2 3 2016-2017
27%
232 Metehan Baltacı CB 10 0 1 2024-2025
27%
141 Oğulcan Çağlayan RW 26 4 1 2020-2022
27%
164 Okan Kocuk GK 21 0 0 2019-2020, 2022-2023
27%
231 Róbinson Zapata GK 10 0 0 2010-2011
27%
235 Steven Nzonzi DM 10 0 1 2019-2020
27%
97 Tolga Ciğerci DM 42 6 0 2016-2018
27%
156 Ufuk Ceylan GK 23 0 0 2010-2014
27%
266 Ali Yavuz Kol LW 4 0 0 2020-2021
24%
161 Bilal Kısa AM 22 5 2 2015-2016
24%
308 Cédric Carrasso GK 1 0 0 2017-2018
24%
130 César Prates RB 28 3 2 2003-2004
24%
227 Cris CB 10 1 0 2012-2013
24%
121 Emre Güngör CB 31 0 0 2007-2010
24%
218 Erick Pulgar DM 11 0 0 2021-2022
24%
163 Fernando Meira CB 21 0 0 2008-2009
24%
236 Florin Andone ST 9 2 0 2019-2020
24%
204 Haim Revivo AM 13 3 4 2002-2003
24%
229 Iasmin Latovlevici LB 10 0 1 2017-2018
24%
216 Jimmy Durmaz CM 12 0 0 2019-2021
24%
177 Sébastien Pérez RB 18 3 2 2001-2002
24%
167 Şener Özbayraklı RB 20 0 2 2019-2021
24%
206 Tobias Linderoth DM 13 0 0 2007-2010
24%
65 Uğur Uçar RB 60 0 10 2003-2005, 2007-2010
24%
213 Yaser Yıldız ST 12 0 1 2008-2009
24%
199 Ahmed Kutucu LW 14 1 0 2024-2025
22%
294 Berat Luş LW 1 0 0 2024-2025
22%
222 Blerim Dzemaili CM 11 0 1 2014-2015
22%
120 Ceyhun Gülselam DM 32 1 1 2011-2014
22%
138 Fatih Akyel RB 27 0 1 2000-2001
22%
280 Hakan Yakin AM 2 0 0 2004-2005
22%
171 Juan Pablo Pino RW 19 3 2 2010-2011
22%
307 Kaan Arslan CB 1 0 0 2021-2022
22%
188 Marcelo Carrusca AM 15 1 0 2006-2008
22%
233 Muğdat Çelik ST 10 2 0 2018-2019
22%
73 Olcan Adın RW 55 4 5 2014-2016
22%
157 Orkun Uşak GK 23 0 0 2007-2009
22%
254 Sam Adekugbe LB 6 0 1 2022-2023
22%
159 Sercan Yıldırım RW 22 2 2 2011-2013
22%
85 Serkan Aykut ST 47 25 2 2000-2002
22%
69 Volkan Arslan CM 56 6 8 2002-2006
22%
239 Zvjezdan Misimovic AM 9 0 1 2010-2011
22%
110 Ahmet Çalık CB 36 1 0 2016-2020
20%
221 Ahmet Yıldırım DM 11 1 1 2000-2001
20%
128 Alioum Saidou DM 29 0 3 2004-2006
20%
82 Batista DM 49 2 0 2001-2004
20%
203 Çağlar Birinci CB 13 0 0 2010-2013
20%
114 Elvir Baljic LW 34 3 11 2002-2005
20%
189 Emmanuel Culio CM 15 4 1 2010-2011
20%
264 Emrah Umut CB 4 0 0 2003-2004
20%
260 Eray İşcan GK 5 0 0 2012-2014
20%
190 Frank de Boer CB 15 1 1 2003-2004
20%
234 Murat Erdoğan CM 10 2 0 2003-2004
20%
187 Ömer Erdoğan CB 16 2 0 2003-2004
20%
140 Ovidiu Petre DM 27 1 1 2003-2005
20%
181 Serkan Çalık RW 17 3 0 2007-2008
20%
283 Sinan Bolat GK 2 0 0 2014-2015
20%
83 Volkan Yaman LB 48 1 2 2007-2010
20%
219 Abel Xavier RB 11 0 0 2002-2003
17%
201 Ali Lukunku ST 14 6 4 2002-2004
17%
178 Andrés Fleurquín DM 18 2 2 2001-2002
17%
275 Atalay Babacan CM 3 0 0 2021-2022
17%
302 Cenk Gönen GK 1 0 0 2015-2016
17%
122 Colin Kazım-Richards ST 31 5 9 2010-2012
17%
185 Emiliano Insúa LB 16 0 0 2010-2011
17%
175 Ferhat Öztorun LB 18 0 0 2005-2007
17%
255 Gabriel Tamaș CB 6 0 0 2003-2004
17%
292 Guillermo Burdisso CB 1 0 0 2013-2014
17%
273 Lucas Ontivero RW 3 0 0 2013-2014
17%
174 Marek Heinz ST 18 3 1 2005-2006
17%
309 Valentine Ozornwafor CB 1 0 0 2020-2021
17%
284 Ahmed Barusso DM 2 0 0 2007-2008
15%
277 Ali Turap Bülbül RB 3 0 0 2023-2024
15%
119 Bülent Akın DM 32 2 1 2000-2002
15%
287 Erman Kılıç AM 2 0 0 2013-2014
15%
166 Fabio Pinto CF 20 1 0 2002-2004
15%
139 Flávio Conceição CM 27 2 1 2004-2005
15%
160 Gustavo Victoria LB 22 1 2 2001-2002
15%
224 Ismaël Bouzid CB 10 0 0 2007-2008
15%
288 Jem Karacan CM 2 0 0 2015-2016
15%
305 Mustafa Kapı CM 1 0 0 2018-2019
15%
274 Özgür Can Özcan ST 3 0 0 2005-2007
15%
241 Radu Niculescu ST 9 3 0 2001-2002
15%
108 Vedat İnceefe CB 38 1 1 2000-2003
15%
99 Berkant Göktan ST 41 8 3 2001-2004
12%
271 Cafercan Aksu CM 3 0 0 2003-2005
12%
150 Florin Bratu ST 25 6 3 2003-2004
12%
303 Gökay Güney CB 1 0 0 2018-2019
12%
286 Gustavo Assunção DM 2 0 0 2021-2022
12%
258 Márcio Mixirica ST 5 0 1 2000-2001
12%
249 Mehmet Batdal ST 7 0 1 2010-2012
12%
313 Richard Kingson GK 1 0 0 2003-2004
12%
281 Salih Dursun CB 2 0 0 2013-2014
12%
263 Sergio Almaguer CB 4 0 0 2002-2003
12%
191 Suat Usta CB 15 1 0 2002-2004
12%
290 Anıl Dilaver ST 2 1 0 2010-2011
10%
310 Bartuğ Elmaz DM 1 0 0 2020-2021
10%
220 Christian ST 11 3 0 2002-2003
10%
195 Felipe Loureiro LW 14 2 4 2002-2003
10%
208 Mehmet Polat CB 13 1 0 2002-2003
10%
270 Pavel Horvath CM 3 0 0 2001-2002
10%
267 Tolga Seyhan CB 4 0 0 2006-2007
10%
244 Yiğit Gökoğlan RW 8 1 0 2011-2012
10%
251 Abdullah Ercan LM 7 0 0 2003-2004
7%
242 Altan Aksoy AM 9 1 1 2005-2006
7%
320 Baran Aksaka DM 1 0 0 2022-2023
7%
279 Baran Demiroğlu ST 2 0 0 2023-2024
7%
282 Celil Yüksel CM 2 0 0 2018-2019
7%
315 Cem Sultan ST 1 0 0 2010-2011
7%
186 Faruk Atalay AM 16 0 1 2000-2002
7%
297 Fevzi Elmas GK 1 0 0 2004-2005
7%
319 İlker Erbay CB 1 0 1 2002-2003
7%
312 Mehmet Bölükbaşı GK 1 0 0 2002-2003
7%
295 Robert Spehar ST 1 0 0 2001-2002
7%
289 Serdar Özkan LW 2 0 0 2010-2011
7%
272 Volkan Pala ST 3 0 0 2015-2016
7%
317 Berk Neziroğluları LB 1 0 0 2009-2010
5%
318 Cumhur Yılmaztürk DM 1 0 0 2009-2010
5%
276 Erhan Namlı AM 3 0 0 2001-2002
5%
299 Eyüp Kaymakçı AM 1 0 0 2003-2004
5%
300 Görkem Görk CB 1 0 0 2002-2003
5%
250 Murat Sözkesen ST 7 1 1 2001-2002
5%
291 Musa Çağıran DM 2 0 0 2010-2011
5%
306 Oğuz Sabankay AM 1 0 0 2006-2007
5%
278 Sedat Debreli ST 2 0 0 2002-2003
5%
316 Serdar Eylik LW 1 0 0 2009-2010
5%
298 Servet Gökçen LB 1 0 0 2002-2003
5%
301 Uğur Demirok CB 1 0 0 2005-2006
5%
265 Zafer Şakar CM 4 0 0 2004-2006
5%
No matching quizzes found
Score Distribution
Percent of People with Each Score
Percentile by Number Answered
Your Score History
You have not taken this quiz